RICS awards 2010 (Record no. 112391)
[ view plain ]
| 000 -LEADER | |
|---|---|
| fixed length control field | 00985cam a22002295a 4500 |
| 001 - CONTROL NUMBER | |
| control field | E151136 |
| 008 - FIXED-LENGTH DATA ELEMENTS--GENERAL INFORMATION | |
| fixed length control field | 110613s2010 xxka 000 0 eng u |
| 035 ## - SYSTEM CONTROL NUMBER | |
| System control number | (Sirsi) u153136 |
| 041 0# - LANGUAGE CODE | |
| Language code of text/sound track or separate title | eng |
| 050 ## - LIBRARY OF CONGRESS CALL NUMBER | |
| Classification number | 690.241 $2 18 |
| 110 2# - MAIN ENTRY--CORPORATE NAME | |
| Corporate name or jurisdiction name as entry element | Royal Institution of Chartered Surveyors |
| 9 (RLIN) | 4900 |
| 245 00 - TITLE STATEMENT | |
| Title | RICS awards 2010 |
| Remainder of title | the grand final |
| 260 ## - PUBLICATION, DISTRIBUTION, ETC. | |
| Place of publication, distribution, etc. | London |
| Name of publisher, distributor, etc. | RICS |
| Date of publication, distribution, etc. | 2010 |
| 300 ## - PHYSICAL DESCRIPTION | |
| Extent | 67p. |
| Other physical details | col. ill. |
| Dimensions | 30cm. |
| 505 2# - FORMATTED CONTENTS NOTE | |
| Formatted contents note | Regional awards -- Grand final awards 2009 -- Building conservation -- Community benefit -- Regeneration -- Sustainability -- Project of the year |
| 520 ## - SUMMARY, ETC. | |
| Summary, etc. | Profiles the winners of the RICS Awards 2010, including Blencow Hall; Scala Cinema and Arts Centre, Prestatyn; Stonebridge Estate Regeneration, Harlesden; New Library, Queen's University, Belfast. The Project of the Year was the Roundhouse Campus for Derby College. |
| 521 ## - TARGET AUDIENCE NOTE | |
| Target audience note | Introductory |
| 590 ## - LOCAL NOTE (RLIN) | |
| Local note | KA |
| 651 #4 - SUBJECT ADDED ENTRY--GEOGRAPHIC NAME | |
| Geographic name | International |
| 690 ## - LOCAL SUBJECT ADDED ENTRY--TOPICAL TERM (OCLC, RLIN) | |
| Topical term or geographic name as entry element | ABOUT RICS-AWARDS-RICS AWARDS |
| 942 ## - ADDED ENTRY ELEMENTS (KOHA) | |
| Suppress in OPAC | 0 |
| Withdrawn status | Lost status | Source of classification or shelving scheme | Damaged status | Not for loan | Home library | Current library | Shelving location | Date acquired | Total Checkouts | Full call number | Barcode | Date last seen | Copy number | Price effective from | Koha item type |
|---|---|---|---|---|---|---|---|---|---|---|---|---|---|---|---|
| Dewey Decimal Classification | London | London | RICS Boxes | 13/06/2011 | RICS 2010/32 | 30076964 | 06/08/2019 | 1 | 06/08/2019 | Archive |